00770cam a2200205 i 450000500170000002000290001704000340004608200190008010000190009924501490011824600240026726000530029130000340034450400690037854600090044765000420045665000270049865000250052570000140055020251007050325.0 a9966031006cTZS 68,000/= aMCCLbeng.eAACR 2nd rev. ed. a336.206762 WAR1 aWaris, Attiya.10aTax & development :bsolving Kenya's fiscal crisis through human rights : a case study of Kenya's Constituency Development Fund /cAttiya Waris.10aTax and development aNairobi:bLaw Africa Publishing (K) Ltd.cc2019. axxii, 313 p. :bill. ;c21 cm aIncludes bibliographical references (pages [265]-298) and index. aeng. 0aEconomic development projectszKenya. 0aPublic financezKenya. 0aHuman rightszKenya. aWaris, A.